000 00823nam a22002177a 4500
003 0
005 20251022160740.0
008 251022b xxu||||| |||| 00| 0 eng d
020 _a978-1-5072-1238-7
050 _aPE 1112
_b.K47 2020
100 _aKern, Jara,
_eauthor.
245 _aThe infographic guide to grammar /
_cJara Kern.
260 _aNew York :
_bAdams Media, an imprint of Simon & Schuster, Inc.,
_c2020.
300 _a127 pages :
_bcolor illustrations ;
_c23 cm.
500 _aIncludes index.
520 _aProvides an illustrated and accessible guide to grammar rules, parts of speech, punctuation, and common writing errors.
650 _aEnglish language
_xGrammar
_vCharts, diagrams, etc.
650 _aEnglish language
_xGrammar
_xHandbooks, manuals, etc.
650 _aInfographics.
942 _2lcc
_cBK
999 _c368331
_d368331